Statistics for Boca Juniors Best Scorer By Year

Click here to take the quiz!

General Stats

  • This quiz has been taken 307 times
    (55 since last reset)
  • The average score is 9 of 45

Answer Stats

Player% Correct
Darío Benedetto
84%
Román Riquelme
80%
Carlos Tévez
78%
Martín Palermo
76%
Diego Maradona
70%
Miguel Merentiel
62%
Sergio Martínez
40%
Gabriel Batistuta
38%
Jonathan Calleri
32%
Ramón Ábila
30%
Santiago Silva
30%
Luca Langoni
28%
Alfredo Rojas
26%
Ángel Rojas
26%
Claudio Caniggia
22%
Mauro Zárate
20%
Emmanuel Gigliotti
18%
Lucas Viatri
18%
Darío Cvitanich
16%
Diego Latorre
16%
Luis Vázquez
16%
Juan José Rodríguez
6%
Paulo Valentim
6%
Ernesto Mastrángelo
4%
Jorge Comas
4%
Ricardo Gareca
4%
Roberto Cabañas
4%
Alfredo Graciani
2%
Jorge Duilio Benítez
2%
José Sanfilippo
2%
Antonio Angelillo
0%
Armando Husillos
0%
Carlos Tapia
0%
Darío Felman
0%
Elio Montaño
0%
Ernesto Cucchiaroni
0%
Hugo Curioni
0%
Jorge Ribolzi
0%
José Borello
0%
Juan José Ferraro
0%
Marcelo Trobbiani
0%
Norberto Madurga
0%
Osvaldo Nardiello
0%
Osvaldo Potente
0%
Roberto Rolando
0%

Score Distribution

Percentile by Number Answered

Percent of People with Each Score

Your Score History

You have not taken this quiz since the last reset